| 000 | 00583nam a22002057a 4500 | ||
|---|---|---|---|
| 003 | OSt | ||
| 005 | 20160304075045.0 | ||
| 008 | 130305t xxu||||| |||| 00| 0 eng d | ||
| 020 | _a9780415429313 | ||
| 050 |
_aG 156.5.E26 _b.F362 2007 |
||
| 100 | _aFennell, David. | ||
| 245 |
_aEcotourism / _cDavid Fennell. |
||
| 250 | _a3rd edition. | ||
| 260 |
_aAbingdon, Oxon ; New York, NY : _bRoutledge, _c2007. |
||
| 300 |
_a282 pages : _c24 cm. _billustrations ; |
||
| 500 | _aIncludes bibliographical references and index. | ||
| 562 | _e1 | ||
| 942 |
_2lcc _cBK _kFOR |
||
| 999 |
_c39020 _d39020 |
||